Zhodnotenie finančnej výkonnosti vybraného podniku diplomová práca

Gespeichert in:
Bibliographische Detailangaben
1. Verfasser: Hajnusová, Dominika
Körperschaft: Podnikovohospodárska fakulta EU so sídlom v Košiciach. Katedra finančného riadenia podniku
Weitere Verfasser: Meheš, Marek
Format: Buch
Sprache:Slowakisch
Veröffentlicht: Košice 2020
Tags: Tag hinzufügen
Keine Tags, Fügen Sie das erste Tag hinzu!

MARC

LEADER 00000nbm a2200000 4500
001 0265331
005 20201208110650.5
041 0 |a slo 
044 |a SK 
245 1 0 |a Zhodnotenie finančnej výkonnosti vybraného podniku  |b diplomová práca  |c Dominika Hajnusová ; školiteľ: Marek Meheš 
264 1 |a Košice  |c 2020 
300 |a 67 s. 
100 1 |a Hajnusová, Dominika 
700 1 |a Meheš, Marek 
710 2 |a Podnikovohospodárska fakulta EU so sídlom v Košiciach. Katedra finančného riadenia podniku